000 00998nam a22003137a 4500
001 BR7406582
003 BR-BrBNA
005 20230928084647.0
007 ta
008 230509b bl.||||| |||| 00| 0 por d
040 _aBR-BrBNA
_bpor
_cBiblioteca Nacional de Agricultura
041 _a(Por)
072 _aF00; Q10; E70
_b0300
_b9500
_b/G514
090 _ 0300 BR7406582
110 1 _aSecretaria da Industria e Comercio, Goiania, GO (Brasil)
_98553
245 1 _aSinopse do estudo de viabilidade tecnico-economico-financeira para implantacao de uma industria de Oleaginosas no Estado de Goias [consumo, subproduto, industrializacao, armazenamento, Brasil]
260 3 _aGoiania, GO (Brasil):
_c1974.
300 _a22 p.
500 _a9 tables
650 _aCOMERCIALIZACAO
650 _aOLEO
650 _aMERCADO
650 _aPRECO
650 _aINDUSTRIA ALIMENTICIA
650 _aPLANTA OLEAGINOSA
650 _aGOIAS
909 _a202309
_bLucia
_c55
_dLucia Elande
942 _cBK
999 _c20326
_d20326